| 000 | nam a22 a 4500 | ||
|---|---|---|---|
| 999 |
_c59291 _d59291 |
||
| 003 | BLK | ||
| 005 | 20221129100411.0 | ||
| 008 | 180408b bul|||||r ||||||| ||bul|| | ||
| 010 | _aKNG00063379000 | ||
| 040 | _aBLK | ||
| 041 |
_aBUL _cBUL |
||
| 080 |
_aПрограмиране и теория на изчислителните машини. Вж и 519.85; 681.3.06 _b519.68 _x(075.8) _z519.68(075.8) |
||
| 100 | 1 |
_aЩерев, Андрей _eпърви автор _9288872 |
|
| 139 |
_aОснови на програмирането на ЕИМ _bО 83 |
||
| 245 | 1 | 0 |
_aОснови на програмирането на ЕИМ _bУчебник за студентите от ВИИ _cАндрей Щерев. |
| 257 | _aBGR | ||
| 260 |
_aСофия _bНаука и изкуство _c1979 |
||
| 300 |
_a415 с. _c22 см |
||
| 380 | _a5 | ||
| 500 | _aБиблиогр. с.406-407. | ||
| 650 | 4 |
_aИзчислителни машини, електронни - програмиране _9243269 |
|
| 852 | _aЦб 99760 | ||
| 856 | 4 |
_qpdf _i0.00 _ldisable |
|
| 856 | 4 |
_qpdf _i0.00 _ldisable |
|
| 942 |
_cKNG _n0 _s1 |
||
| 944 |
_aCR _c13.06.2004 _kЧиталня |
||
| 944 |
_aED _c02.09.2015 _kГеновева_Генчева |
||
| 944 |
_aED _c2022-11-29 _kир |
||
| 999 | _d59291 | ||